[Event "Tourn. n9794"]
[Site "www.chess-mail.com"]
[Date "2018.05.05"]
[Round "1"]
[White "Fantomas"]
[Black "Paes19"]
[WhiteElo "2140"]
[BlackElo "2010"]
[Result "1-0"]
[Round "1"]
1.e4 e6
2.Ng1f3 d5
3.e5 Ng8e7
4.d4 Nb8c6
5.Bc1g5 a6
6.Bf1e2 h6
7.Bg5d2 Ne7g6
8.c3 Bf8e7
9.Qd1c2 O-O
10.Be2d3 Qd8e8
11.Bd2e3 b5
12.Nb1d2 Be7d8
13.h4 Ng6e7
14.h5 f5
15.exf6 Rf8xf6
16.Nf3e5 Nc6xe5
17.dxe5 Rf6f8
18.g4 Qe8c6
19.Ke2 Kh8
20.Ra1g1 Bc8b7
21.g5 Ne7f5
22.gxh6 gxh6
23.Bd3xf5 Rf8xf5
24.Be3xh6 Rf5xe5
25.Kd1 Bd8f6
26.Qc2g6 { resign }
1-0

[Event "Tourn. n9753"]
[Site "www.chess-mail.com"]
[Date "2018.05.05"]
[Round "1"]
[White "Falcoale"]
[Black "Gegonz"]
[WhiteElo "1860"]
[BlackElo "1770"]
[Result "1-0"]
[Round "1"]
1.e4 e5
2.Ng1f3 Nb8c6
3.Bf1c4 Bf8c5
4.O-O d6
5.d3 Bc8e6
6.Bc4b3 Ng8f6
7.Bc1g5 O-O
8.Nb1c3 Be6xb3
9.axb3 h6
10.Bg5h4 a6
11.Nc3e2 g5
12.Bh4g3 Kg7
13.h4 g4
14.Nf3h2 h5
15.Kh1 a5
16.f3 d5
17.fxg4 dxe4
18.g5 Nf6g4
19.Nh2xg4 hxg4
20.Ne2c3 exd3
21.cxd3 Qd8c8
22.Nc3e4 Bc5d4
23.Ne4c3 Qc8e6
24.Rf1f6 Qe6c8
25.Qd1e2 Qc8d7
26.Ra1b1 Kh8
27.Qe2e4 Kg8
28.Rf6h6 f6
29.gxf6 Rf8f7
30.Qe4g6 { resign }
1-0

[Event "Tourn. n9736"]
[Site "www.chess-mail.com"]
[Date "2018.05.05"]
[Round "1"]
[White "Andychesston"]
[Black "Julian"]
[WhiteElo "1940"]
[BlackElo "1830"]
[Result "0-1"]
[Round "1"]
1.e4 d6
2.d4 Ng8f6
3.Nb1c3 Nb8d7
4.Ng1f3 c6
5.Bc1d2 e5
6.Bf1c4 Bf8e7
7.O-O O-O
8.Bd2e3 b5
9.Bc4d3 exd4
10.Nf3xd4 Qd8c7
11.Nd4f5 Nd7e5
12.Nf5xe7 Qc7xe7
13.Be3g5 Bc8e6
14.b3 Ne5xd3
15.cxd3 Rf8e8
16.f3 h6
17.Bg5h4 g5
18.Bh4g3 Ra8d8
19.Ra1c1 Nf6h5
20.Nc3e2 Nh5xg3
21.Ne2xg3 a5
22.Rc1xc6 d5
23.exd5 Be6xd5
24.Rc6xh6 g4
25.fxg4 Qe7e3
26.Kh1 Qe3xh6
27.g5 Qh6xg5
28.Rf1f5 Qg5e3
29.Qd1g4 Kf8
30.Rf5f1 Qe3xd3
31.Qg4h4 Rd8d6
32.Qh4h8 Ke7
33.Qh8h4 Kd7
34.Qh4g4 Kc7
35.Rf1d1 Qd3xd1
36.Qg4xd1 Bd5xg2
37.Kxg2 Rd6xd1
38.Ng3f5 Re8e2
39.Kg3 Re2xa2
40.h4 Rd1d3
41.Kg4 Rd3xb3
42.Kg5 Ra2g2
43.Kf6 Rb3f3
44.h5 Rf3xf5
45.Kxf5 a4
46.Kf6 Rg2h2
47.Kg5 Rh2xh5
48.Kxh5 a3
{ resign }
0-1

[Event "Tourn. n9799"]
[Site "www.chess-mail.com"]
[Date "2018.05.05"]
[Round "1"]
[White "Piekki"]
[Black "Bojan"]
[WhiteElo "2130"]
[BlackElo "2010"]
[Result "1-0"]
[Round "1"]
1.c4 g6
2.Nb1c3 Bf8g7
3.g3 Bg7xc3
4.bxc3 c6
5.e4 e5
6.Bf1g2 d6
7.Ng1e2 Nb8d7
8.O-O Nd7c5
9.d4 Nc5d7
10.f4 exf4
11.gxf4 Nd7b6
12.Qd1b3 f5
13.Bc1b2 c5
14.Ra1d1 Qd8c7
15.Rf1e1 Ng8e7
16.e5 d5
17.cxd5 Nb6xd5
18.c4 Nd5b6
19.d5 Qc7d8
20.e6 Rh8g8
21.d6 Bc8xe6
22.dxe7 Qd8xe7
23.Ne2c3 Kf7
24.Nc3d5 Qe7h4
25.Re1xe6 Kxe6
26.Qb3e3 Kf7
27.Nd5xb6 Rg8e8
28.Rd1d7 Kf8
29.Qe3xc5 Re8e7
30.Rd7xe7 Qh4xe7
31.Qc5xe7 Kxe7
32.Nb6xa8 { resign }
1-0

[Event "Tourn. n9673"]
[Site "www.chess-mail.com"]
[Date "2018.05.05"]
[Round "1"]
[White "Seger"]
[Black "Rons"]
[WhiteElo "2780"]
[BlackElo "2690"]
[Result "1-0"]
[Round "1"]
1.Ng1f3 Ng8f6
2.g3 d5
3.Bf1g2 c6
4.O-O Bc8g4
5.h3 Bg4xf3
6.exf3 g6
7.d4 Nb8d7
8.b3 Bf8g7
9.Nb1d2 Qd8a5
10.Bc1b2 h5
11.h4 O-O
12.f4 Nf6e8
13.c4 Ne8d6
14.Qd1c2 Rf8d8
15.c5 Nd6f5
16.Nd2f3 b6
17.Rf1c1 Rd8c8
18.Bg2f1 bxc5
19.dxc5 e6
20.Bb2xg7 Nf5xg7
21.a3 Qa5c7
22.Qc2b2 a5
23.b4 Ng7f5
24.b5 cxb5
25.c6 Nd7b6
26.Bf1xb5 Nf5d6
27.a4 Nb6c4
28.Qb2c3 Ra8b8
29.Nf3d4 Qc7e7
30.Ra1b1 Qe7f6
31.Kg2 Rc8c7
32.Qc3d3 Rb8d8
33.Nd4f3 Rd8c8
34.Kg1 Kg7
35.Qd3e2 Qf6f5
36.Rb1b3 Kg8
37.Qe2e1 Kg7
38.Rc1b1 Qf5f6
39.Nf3e5 Qf6f5
40.Bb5a6 Rc8d8
41.Rb1c1 g5
42.Ba6xc4 dxc4
43.Ne5xc4 gxf4
44.Rb3f3 Rc7xc6
45.Rf3xf4 Qf5d5
46.Rc1d1 Nd6xc4
47.Rd1xd5 Rd8xd5
48.Qe1a1 Kg8
49.g4 Nc4e5
50.gxh5 f5
51.Kh2 Kh7
52.Qa1b1 Rc6c7
53.Qb1b6 Rc7e7
54.Qb6a6 Kh8
55.Qa6c8 Kh7
56.h6 Ne5g6
57.Rf4c4 Kxh6
58.Rc4c3 Rd5d4
59.Rc3h3 Kh7
60.h5 Ng6e5
61.Qc8c5 Ne5g4
62.Kg2 Re7d7
63.Qc5xa5 Rd4d2
64.Rh3f3 Rd2c2
65.h6 Rc2d2
66.Qa5c3 Rd2d5
67.Qc3c8 Rd7e7
68.Qc8a8 Ng4xh6
69.a5 Re7g7
70.Rf3g3 Nh6g4
71.a6 Rd5d2
72.Rg3h3 Ng4h6
73.Kf1 Rd2a2
74.Rh3h4 Ra2c2
75.Qa8f8 Rc2c1
76.Ke2 Rc1c2
77.Ke3 Rc2c7
78.Qf8d6 Rc7a7
79.f3 Ra7d7
80.Qd6b6 f4
81.Ke2 Rg7g2
82.Ke1 Rg2g7
83.Qb6b1 Rg7g6
84.Qb1b8 Rg6g7
85.Qb8xf4 Rg7g6
86.Qf4e3 { resign }
1-0

[Event "Tourn. n9731"]
[Site "www.chess-mail.com"]
[Date "2018.05.05"]
[Round "1"]
[White "Gegonz"]
[Black "Picifarkinca"]
[WhiteElo "1610"]
[BlackElo "1680"]
[Result "1-0"]
[Round "1"]
1.d4 d5
2.e4 c6
3.Nb1c3 dxe4
4.Nc3xe4 Nb8d7
5.Ne4g5 Ng8f6
6.Bf1c4 e6
7.Qd1e2 Nd7b6
8.Bc4b3 Bf8d6
9.Ng1f3 h6
10.Ng5e4 Nf6xe4
11.Qe2xe4 O-O
12.O-O Nb6d5
13.Nf3e5 Qd8c7
14.f4 Nd5f6
15.Qe4f3 Qc7b6
16.c3 Nf6d7
17.Bc1e3 c5
18.Ra1d1 Nd7f6
19.dxc5 Bd6xc5
20.Be3xc5 Qb6xc5
21.Rd1d4 Ra8b8
22.Bb3c2 b6
23.Qf3g3 Bc8a6
24.Rf1d1 Rb8d8
25.h3 Rd8d6
26.b4 { resign }
1-0

[Event "Tourn. n9729"]
[Site "www.chess-mail.com"]
[Date "2018.05.05"]
[Round "1"]
[White "Picifarkinca"]
[Black "Gegonz"]
[WhiteElo "1680"]
[BlackElo "1610"]
[Result "0-1"]
[Round "1"]
1.e4 g6
2.d4 Bf8g7
3.c4 c5
4.d5 d6
5.Nb1c3 e6
6.Ng1f3 Ng8e7
7.Bf1e2 O-O
8.O-O exd5
9.exd5 Bg7xc3
10.bxc3 Bc8f5
11.Bc1h6 Rf8e8
12.Bh6g5 Nb8d7
13.Be2d3 Bf5xd3
14.Qd1xd3 f6
15.Bg5f4 Nd7e5
16.Bf4xe5 fxe5
17.Nf3g5 Ne7f5
18.Ng5e6 Qd8a5
19.Rf1b1 Ra8b8
20.Rb1b5 Qa5a4
21.Ne6c7 Re8e7
22.Nc7e6 Rb8e8
23.g4 Nf5g7
24.Ne6xg7 Kxg7
25.Ra1b1 b6
26.Qd3e2 Re8f8
27.h3 Re7f7
{ resign }
0-1

[Event "Match"]
[Site "www.echecsemail.com"]
[Date "2018.05.05"]
[Round "1"]
[White "Mitja"]
[Black "Ssharp"]
[WhiteElo "2070"]
[BlackElo "2280"]
[Result "0-1"]
[Round "1"]
1.d4 d5
2.e3 Ng8f6
3.c3 e6
4.Ng1h3 c5
5.dxc5 Bf8xc5
6.Bf1e2 O-O
7.b3 Nb8c6
8.Bc1b2 e5
9.Nb1d2 Bc8xh3
10.gxh3 Nf6d7
11.Qd1c2 f5
12.O-O-O a6
13.Rh1g1 Rf8f7
14.Rg1g2 b5
15.Rd1g1 Kf8
16.Be2h5 g6
17.Bh5e2 Qd8e7
18.Be2h5 Nd7f6
19.Bh5e2 Bc5a3
20.h4 Ba3xb2
21.Kxb2 e4
22.h5 Nc6e5
23.hxg6 hxg6
24.f4 exf3
25.Nd2xf3 Nf6d7
26.Nf3d4 Nd7f6
27.h4 Nf6e4
28.h5 g5
29.h6 g4
30.h7 Kg7
31.Rg1h1 Kh8
32.Be2d3 Ra8c8
33.Bd3xe4 dxe4
34.Rg2h2 b4
35.c4 a5
36.Rh2h5 Rc8f8
37.Qc2h2 Ne5f3
38.Nd4xf3 exf3
39.Qh2f2 Rf8e8
40.Qf2c2 Qe7xe3
41.Rh5xf5 Qe3c3
{ resign }
0-1

[Event "Match"]
[Site "www.echecsemail.com"]
[Date "2018.05.05"]
[Round "1"]
[White "Guidom"]
[Black "Juheset"]
[WhiteElo "2110"]
[BlackElo "1809"]
[Result "1-0"]
[Round "1"]
1.e4 e6
2.d4 b6
3.c3 g6
4.Bf1c4 c5
5.d5 Qd8f6
6.Ng1f3 h6
7.e5 Qf6g7
8.O-O Bc8b7
9.d6 Nb8c6
10.Rf1e1 Nc6a5
11.Bc4b5 Bb7c6
12.Bb5xc6 Na5xc6
13.Bc1f4 g5
14.Bf4g3 h5
15.h4 g4
16.Nf3d2 Ng8h6
17.Nb1a3 Nh6f5
18.Na3b5 O-O-O
19.Qd1a4 Kb7
20.b4 cxb4
21.cxb4 Nf5xg3
22.fxg3 a5
23.bxa5 bxa5
24.Ra1b1 Kc8
25.Qa4xa5 Nc6xa5
26.Nb5a7 { resign }
1-0

[Event "Tourn. n9825"]
[Site "www.echecsemail.com"]
[Date "2018.05.05"]
[Round "1"]
[White "Juheset"]
[Black "Reda"]
[WhiteElo "2059"]
[BlackElo "1800"]
[Result "1-0"]
[Round "1"]
1.e4 e5
2.Ng1f3 Nb8c6
3.Bf1c4 h6
4.d4 exd4
5.Nf3xd4 Nc6xd4
6.Qd1xd4 Qd8f6
7.Qd4e3 b6
8.e5 Qf6c6
9.Qe3f4 f6
10.O-O fxe5
11.Qf4f7 { resign }
1-0

[Event "Match"]
[Site "www.echecsemail.com"]
[Date "2018.05.05"]
[Round "1"]
[White "Fangshuo"]
[Black "Juheset"]
[WhiteElo "2110"]
[BlackElo "1809"]
[Result "1-0"]
[Round "1"]
1.e4 d6
2.d4 g6
3.Ng1f3 c6
4.Nb1c3 Bf8g7
5.Bc1g5 Nb8d7
6.Bf1c4 b5
7.Bc4d3 h6
8.Bg5h4 Qd8b6
9.Nc3e2 Bc8b7
10.c3 g5
11.Bh4g3 e5
12.Qd1b3 Ng8e7
13.O-O a5
14.a4 bxa4
15.Qb3xb6 Nd7xb6
16.dxe5 dxe5
17.Bg3xe5 Bg7xe5
18.Nf3xe5 O-O
19.f4 Ra8d8
20.fxg5 hxg5
21.Rf1f3 c5
22.Ra1f1 f5
23.Rf3g3 fxe4
24.Rg3xg5 Kh7
25.Ne2f4 Kh6
26.Rg5h5 Kg7
27.Nf4e6 Kg8
28.Rh5g5 Kh8
29.Rf1xf8 Rd8xf8
30.Ne6xf8 exd3
31.Ne5f7 { resign }
1-0

[Event "Match"]
[Site "www.echecsemail.com"]
[Date "2018.05.05"]
[Round "1"]
[White "Fegatux"]
[Black "Add"]
[WhiteElo "2310"]
[BlackElo "2230"]
[Result "1-0"]
[Round "1"]
1.e4 d6
2.d4 c6
3.Bf1d3 h6
4.Nb1c3 Ng8f6
5.f4 e6
6.Ng1f3 Nb8d7
7.O-O Qd8c7
8.e5 Nf6d5
9.Nc3xd5 cxd5
10.c3 a6
11.Qd1e1 dxe5
12.fxe5 Nd7b6
13.Qe1h4 Qc7e7
14.Nf3g5 f5
15.exf6 gxf6
16.Qh4h5 Kd7
17.b3 Bf8g7
18.Ng5h3 Kc6
19.a4 Bc8d7
20.Bc1a3 Qe7d8
21.a5 Nb6c8
22.Nh3f4 Nc8d6
23.c4 f5
24.cxd5 Kc7
25.Ra1c1 Kb8
26.Ba3xd6 Ka7
27.Bd6c5 Kb8
28.Bc5b6 Qd8g5
29.Qh5f7 { resign }
1-0

[Event "Tourn. n9789"]
[Site "www.chess-mail.com"]
[Date "2018.05.06"]
[Round "1"]
[White "Francesco"]
[Black "Picifarkinca"]
[WhiteElo "1930"]
[BlackElo "1920"]
[Result "1-0"]
[Round "1"]
1.e4 c6
2.d4 d5
3.Nb1c3 dxe4
4.Nc3xe4 Nb8d7
5.Ng1f3 Ng8f6
6.Ne4xf6 Nd7xf6
7.Bf1c4 e6
8.O-O Bf8d6
9.Bc1g5 h6
10.Bg5d2 Qd8c7
11.Rf1e1 O-O
12.c3 Bd6f4
13.Bd2xf4 Qc7xf4
14.Qd1d2 Nf6d5
15.Qd2xf4 Nd5xf4
16.g3 { resign }
1-0

[Event "Tourn. n9784"]
[Site "www.chess-mail.com"]
[Date "2018.05.06"]
[Round "1"]
[White "Louis"]
[Black "Picifarkinca"]
[WhiteElo "1990"]
[BlackElo "1910"]
[Result "1-0"]
[Round "1"]
1.d4 d5
2.c4 e6
3.cxd5 exd5
4.Nb1c3 Ng8f6
5.Bc1g5 Bf8e7
6.e3 O-O
7.Bf1d3 c6
8.Qd1c2 h6
9.Bg5h4 Bc8e6
10.Ng1f3 Nb8d7
11.O-O Ra8c8
12.Nc3e2 c5
13.dxc5 Nd7xc5
14.Ne2c3 Nc5e4
15.Nf3d4 Be6d7
16.Bd3xe4 { resign }
1-0

[Event "Tourn. n9749"]
[Site "www.chess-mail.com"]
[Date "2018.05.06"]
[Round "1"]
[White "Azulmarino"]
[Black "Picifarkinca"]
[WhiteElo "1610"]
[BlackElo "1750"]
[Result "1-0"]
[Round "1"]
1.e4 c5
2.c4 e6
3.Ng1f3 Nb8c6
4.d3 d6
5.Bc1g5 Bf8e7
6.Bg5e3 Be7f6
7.g3 Bf6xb2
8.Nb1a3 Bb2xa3
9.Bf1g2 Ba3b4
10.Be3d2 Bb4xd2
11.Nf3xd2 Ng8e7
12.O-O Nc6d4
13.Qd1g4 Ne7g6
14.Nd2f3 e5
15.Qg4h5 Bc8e6
16.Nf3g5 h6
17.f4 Nd4e2
18.Qh5xe2 hxg5
19.f5 Be6xf5
20.Ra1b1 Bf5c8
21.Bg2f3 b6
22.Qe2c2 Bc8h3
23.Bf3g2 Qd8d7
24.Rf1f3 Bh3g4
25.Rf3f2 O-O-O
26.h3 Bg4xh3
27.Qc2b2 { resign }
1-0

[Event "Tourn. n9780"]
[Site "www.chess-mail.com"]
[Date "2018.05.06"]
[Round "1"]
[White "Bojan"]
[Black "Picifarkinca"]
[WhiteElo "1960"]
[BlackElo "1920"]
[Result "1-0"]
[Round "1"]
1.e4 c6
2.Qd1f3 d5
3.exd5 Qd8xd5
4.Nb1c3 Qd5xf3
5.Ng1xf3 Ng8f6
6.Bf1c4 e6
7.O-O Bf8d6
8.d3 h6
9.h3 b5
10.Bc4b3 a5
11.a3 Nb8d7
12.Rf1e1 O-O
13.Nc3e4 Nf6xe4
14.Re1xe4 Nd7f6
15.Re4e2 c5
16.c3 Bc8b7
17.Nf3h2 Nf6d5
18.g3 Ra8c8
19.c4 Nd5c7
20.Bc1d2 b4
21.Bb3a4 Nc7e8
22.axb4 axb4
23.Ba4b5 { resign }
1-0

[Event "Tourn. n9784"]
[Site "www.chess-mail.com"]
[Date "2018.05.06"]
[Round "1"]
[White "Osopanda"]
[Black "Picifarkinca"]
[WhiteElo "1870"]
[BlackElo "1910"]
[Result "1-0"]
[Round "1"]
1.e4 c6
2.d4 d5
3.Nb1d2 dxe4
4.Nd2xe4 Nb8d7
5.Bf1c4 e6
6.Ng1f3 Ng8f6
7.Bc1g5 Bf8e7
8.Ne4xf6 Nd7xf6
9.O-O O-O
10.Rf1e1 b6
11.Bc4b3 Bc8b7
12.c4 Qd8c7
13.Bg5h4 Ra8d8
14.d5 cxd5
15.cxd5 Bb7xd5
16.Bb3xd5 Rd8xd5
17.Qd1b3 { resign }
1-0

[Event "Tourn. n9789"]
[Site "www.chess-mail.com"]
[Date "2018.05.06"]
[Round "1"]
[White "Bojan"]
[Black "Picifarkinca"]
[WhiteElo "1980"]
[BlackElo "1910"]
[Result "1-0"]
[Round "1"]
1.b4 d5
2.Bc1b2 c6
3.e3 Bc8f5
4.c4 e6
5.c5 Ng8f6
6.Ng1f3 Nb8d7
7.Qd1b3 Ra8b8
8.Nf3h4 Bf5xb1
9.Ra1xb1 Bf8e7
10.Nh4f3 O-O
11.Nf3e5 Rb8a8
12.Bf1e2 Qd8c7
13.f4 b5
14.g4 a5
15.a3 axb4
16.axb4 Ra8a4
17.g5 Nf6e4
18.Rh1g1 f6
19.gxf6 Be7xf6
20.Be2g4 { resign }
1-0

[Event "Tourn. n9789"]
[Site "www.chess-mail.com"]
[Date "2018.05.06"]
[Round "1"]
[White "Picifarkinca"]
[Black "Louis"]
[WhiteElo "1910"]
[BlackElo "1980"]
[Result "0-1"]
[Round "1"]
1.d4 Ng8f6
2.c4 e6
3.Ng1f3 b6
4.a3 Bc8b7
5.Nb1c3 d5
6.e3 Nb8d7
7.b4 dxc4
8.Bf1xc4 Bf8e7
9.O-O O-O
10.Rf1e1 c5
11.Bc1b2 cxb4
12.axb4 Be7xb4
13.Qd1b3 a5
14.Bc4e2 Ra8c8
15.Be2d3 Nf6g4
16.Bd3e2 Qd8c7
{ resign }
0-1

[Event "Tourn. n9753"]
[Site "www.chess-mail.com"]
[Date "2018.05.06"]
[Round "1"]
[White "Picifarkinca"]
[Black "Libiesse"]
[WhiteElo "1880"]
[BlackElo "1750"]
[Result "0-1"]
[Round "1"]
1.d4 d5
2.c4 e6
3.Nb1c3 Ng8f6
4.Bc1g5 Bf8e7
5.e3 O-O
6.Ng1f3 h6
7.Bg5h4 Nb8d7
8.Ra1c1 c5
9.Qd1b3 cxd4
10.exd4 b6
11.cxd5 Nf6xd5
12.Bh4g3 Bc8b7
13.Bf1e2 Be7f6
14.O-O Ra8c8
15.Nc3b5 Rc8xc1
16.Rf1xc1 a6
17.Nb5d6 Qd8a8
18.Nf3e5 Bf6xe5
19.dxe5 Nd7c5
20.Qb3a3 a5
21.Nd6xb7 Qa8xb7
22.Be2f3 Rf8d8
23.h3 g6
24.Bg3h4 Rd8d7
25.Bf3xd5 Rd7xd5
26.Bh4f6 Rd5d3
27.b3 Qb7e4
{ resign }
0-1

[Event "Tourn. n9784"]
[Site "www.chess-mail.com"]
[Date "2018.05.06"]
[Round "1"]
[White "Picifarkinca"]
[Black "Julian"]
[WhiteElo "1910"]
[BlackElo "1870"]
[Result "0-1"]
[Round "1"]
1.d4 d5
2.c4 c6
3.Ng1f3 Ng8f6
4.Nb1c3 dxc4
5.a4 Bc8f5
6.e3 Bf5d3
7.Bf1xd3 cxd3
8.Qd1xd3 e6
9.O-O Bf8b4
10.Nc3e4 Nb8d7
11.Ne4xf6 Nd7xf6
12.Rf1d1 O-O
13.b3 Qd8e7
14.Bc1b2 Rf8d8
15.Nf3e5 Nf6d5
16.Ra1c1 f6
{ resign }
0-1

[Event "Tourn. n9796"]
[Site "www.chess-mail.com"]
[Date "2018.05.06"]
[Round "1"]
[White "Picifarkinca"]
[Black "Reda"]
[WhiteElo "1920"]
[BlackElo "1790"]
[Result "0-1"]
[Round "1"]
1.d4 d5
2.c4 Bc8f5
3.Nb1c3 e6
4.Ng1f3 Bf8b4
5.Qd1b3 Bb4xc3
6.Qb3xc3 Ng8f6
7.cxd5 Nf6xd5
8.Qc3a3 Nb8c6
9.Bc1d2 Qd8e7
10.Qa3xe7 Nc6xe7
11.e3 O-O-O
12.Ra1c1 Ne7c6
13.a3 Nd5f6
14.Bf1b5 Bf5e4
15.Nf3g5 Rd8d7
16.Ng5xe4 Nf6xe4
17.Bd2b4 Rd7d8
{ resign }
0-1

[Event "Tourn. n9777"]
[Site "www.chess-mail.com"]
[Date "2018.05.06"]
[Round "1"]
[White "Attatroll"]
[Black "Picifarkinca"]
[WhiteElo "2010"]
[BlackElo "1890"]
[Result "1-0"]
[Round "1"]
1.e4 c6
2.Ng1f3 d5
3.exd5 cxd5
4.Nf3e5 Qd8c7
5.d4 Ng8f6
6.Bf1b5 Nb8c6
7.O-O Bc8d7
8.Ne5xd7 Nf6xd7
9.Nb1c3 Nd7f6
10.Bc1g5 e6
11.Qd1f3 Bf8e7
12.Rf1e1 O-O
13.a3 Nc6xd4
14.Qf3d3 Nd4xb5
15.Nc3xb5 Qc7c6
16.Nb5d4 Qc6d6
17.Ra1d1 a6
18.h3 Ra8c8
19.c3 h6
20.Bg5h4 { resign }
1-0

[Event "Tourn. n9749"]
[Site "www.chess-mail.com"]
[Date "2018.05.06"]
[Round "1"]
[White "Picifarkinca"]
[Black "Cristiano"]
[WhiteElo "1750"]
[BlackElo "1750"]
[Result "0-1"]
[Round "1"]
1.e4 e5
2.Ng1f3 Nb8c6
3.Bf1b5 a6
4.Bb5a4 d6
5.h3 Ng8f6
6.d3 Bf8e7
7.O-O O-O
8.c3 Bc8d7
9.Rf1e1 b5
10.Ba4b3 Qd8c8
11.Nb1d2 Nc6d8
12.Nd2f1 Bd7e6
13.Nf1e3 c6
14.Bb3xe6 fxe6
15.a4 Qc8b8
16.axb5 axb5
17.Bc1d2 Nd8b7
18.Qd1b3 Nb7c5
19.Qb3c2 Qb8b7
20.b4 Nc5a4
21.Re1b1 Nf6h5
22.Ne3d1 Nh5f4
23.c4 Na4b6
24.Nd1b2 Ra8xa1
25.Rb1xa1 Rf8a8
26.Ra1a5 Be7f6
27.Bd2e3 Nb6d7
28.Kh2 Ra8a6
29.Be3d2 h6
30.g3 Nf4e2
31.Bd2xh6 Ne2d4
32.Nf3xd4 exd4
33.Bh6d2 e5
34.cxb5 cxb5
35.Qc2b3 Kf8
36.Qb3a2 Nd7b8
37.h4 Qb7c6
38.Ra5xa6 Qc6xa6
39.Qa2a5 Ke8
40.Kh3 Qa6b7
41.g4 Bf6d8
42.Qa5a2 Qb7f7
43.Qa2xf7 Kxf7
44.f4 exf4
45.Bd2xf4 Ke6
46.g5 Nb8c6
47.Bf4d2 g6
48.Nb2d1 d5
{ resign }
0-1

[Event "Tourn. n9780"]
[Site "www.chess-mail.com"]
[Date "2018.05.06"]
[Round "1"]
[White "Bira47"]
[Black "Picifarkinca"]
[WhiteElo "1950"]
[BlackElo "1910"]
[Result "1-0"]
[Round "1"]
1.b3 d5
2.Bc1b2 c5
3.g3 Nb8c6
4.a3 a5
5.Bf1g2 e5
6.e3 Ng8f6
7.h3 Bf8e7
8.Ng1e2 O-O
9.O-O d4
10.exd4 exd4
11.d3 Rf8e8
12.Ne2f4 Be7d6
13.c4 Bd6xf4
14.gxf4 Qd8c7
15.Qd1f3 Bc8f5
16.Nb1d2 Ra8d8
17.Ra1e1 Kf8
18.Re1e2 Re8xe2
19.Qf3xe2 { resign }
1-0

[Event "Tourn. n9735"]
[Site "www.chess-mail.com"]
[Date "2018.05.06"]
[Round "1"]
[White "Picifarkinca"]
[Black "Falcoale"]
[WhiteElo "1750"]
[BlackElo "1880"]
[Result "0-1"]
[Round "1"]
1.e4 c5
2.Nb1c3 e6
3.Ng1e2 Nb8c6
4.g3 d5
5.d4 Ng8f6
6.Bf1g2 Bf8e7
7.O-O O-O
8.dxc5 Be7xc5
9.exd5 exd5
10.Nc3xd5 Nf6xd5
11.Qd1xd5 Qd8xd5
12.Bg2xd5 Nc6b4
13.Bd5b3 Bc8h3
14.Rf1e1 a5
15.Ne2c3 Nb4c6
16.Nc3a4 Bc5a7
17.Bc1e3 Ba7xe3
18.Re1xe3 Nc6d4
19.Na4b6 Nd4xb3
20.Re3xb3 Ra8d8
21.Ra1e1 Rd8d2
22.Rb3c3 Bh3f5
23.Rc3f3 Bf5xc2
24.Nb6c4 a4
25.Nc4xd2 b5
26.Rf3c3 Bc2f5
27.Re1e5 Bf5e6
28.Re5xb5 Be6xa2
29.f3 h6
30.Kf2 Rf8d8
31.Ke3 Rd8e8
32.Kf2 Re8d8
33.Nd2c4 f6
34.Ke2 Ba2b3
35.Rc3xb3 axb3
36.Rb5xb3 Kf7
37.Rb3b7 Kg6
{ resign }
0-1

[Event "Tourn. n9735"]
[Site "www.chess-mail.com"]
[Date "2018.05.06"]
[Round "1"]
[White "Passaroa25"]
[Black "Picifarkinca"]
[WhiteElo "1660"]
[BlackElo "1750"]
[Result "1-0"]
[Round "1"]
1.Nb1c3 d5
2.d4 c6
3.Ng1f3 Ng8f6
4.Nf3e5 Bc8f5
5.f3 e6
6.e3 h6
7.Bf1e2 Nb8d7
8.Be2d3 Bf5xd3
9.Qd1xd3 a6
10.Bc1d2 Bf8d6
11.g4 Nd7b6
12.h4 Qd8c7
13.h5 Bd6xe5
14.dxe5 Qc7xe5
15.O-O-O O-O-O
16.f4 Qe5d6
17.Rh1g1 e5
18.Qd3f5 Nb6d7
19.Qf5d3 e4
20.Qd3e2 Rh8e8
21.Rd1f1 d4
22.Nc3a4 c5
23.f5 Kb8
24.b3 Ka7
25.Qe2c4 { resign }
1-0

[Event "Tourn. n9789"]
[Site "www.chess-mail.com"]
[Date "2018.05.06"]
[Round "1"]
[White "Picifarkinca"]
[Black "Osopanda"]
[WhiteElo "1910"]
[BlackElo "1870"]
[Result "0-1"]
[Round "1"]
1.d4 d5
2.c4 c6
3.Ng1f3 Bc8g4
4.e3 Ng8f6
5.Nb1c3 e6
6.Qd1b3 Qd8b6
7.Qb3xb6 axb6
8.cxd5 exd5
9.a3 Nb8d7
10.Bf1e2 Bf8d6
11.h3 Bg4h5
12.O-O O-O
13.Nf3d2 Bh5xe2
14.Nc3xe2 c5
{ resign }
0-1

[Event "Tourn. n9753"]
[Site "www.chess-mail.com"]
[Date "2018.05.06"]
[Round "1"]
[White "Picifarkinca"]
[Black "Falcoale"]
[WhiteElo "1790"]
[BlackElo "1860"]
[Result "0-1"]
[Round "1"]
1.e4 c5
2.Ng1f3 e6
3.d4 cxd4
4.Nf3xd4 b6
5.f3 Bc8b7
6.c4 a6
7.Nb1c3 Nb8c6
8.Nd4c2 Nc6b4
9.Nc2e3 d6
10.a3 Nb4c6
11.b4 Ng8f6
12.Bc1b2 Bf8e7
13.Bf1e2 O-O
14.O-O Nc6d4
15.Qd1xd4 Nf6d7
16.Nc3d5 Be7f6
17.Nd5xf6 Nd7xf6
18.Ra1d1 Nf6e8
19.f4 f6
20.e5 fxe5
21.fxe5 Rf8xf1
22.Ne3xf1 d5
23.cxd5 Bb7xd5
24.Be2g4 Qd8e7
25.Qd4xb6 g6
26.Nf1e3 Kg7
27.Ne3xd5 exd5
28.e6 Ne8f6
{ resign }
0-1

[Event "Tourn. n9796"]
[Site "www.chess-mail.com"]
[Date "2018.05.06"]
[Round "1"]
[White "Alvarin111"]
[Black "Picifarkinca"]
[WhiteElo "1820"]
[BlackElo "1920"]
[Result "1-0"]
[Round "1"]
1.e4 c6
2.Ng1f3 d5
3.Bf1d3 dxe4
4.Bd3xe4 Ng8f6
5.Nb1c3 Nf6xe4
6.Nc3xe4 Bc8f5
7.Ne4c3 Nb8d7
8.d3 e6
9.h3 h6
10.O-O Bf8d6
11.a3 { resign }
1-0

[Event "Tourn. n9753"]
[Site "www.chess-mail.com"]
[Date "2018.05.06"]
[Round "1"]
[White "Gegonz"]
[Black "Picifarkinca"]
[WhiteElo "1770"]
[BlackElo "1790"]
[Result "1-0"]
[Round "1"]
1.d4 e6
2.c4 Ng8f6
3.Nb1c3 Bf8b4
4.Qd1c2 d5
5.cxd5 exd5
6.a3 Bb4e7
7.Bc1f4 c6
8.Ng1f3 O-O
9.e3 Be7d6
10.Bf4xd6 Qd8xd6
11.Bf1d3 h6
12.O-O Rf8e8
13.Nf3e5 Nb8d7
14.f4 Nd7f8
15.h3 Nf8e6
16.g4 c5
17.dxc5 Qd6xc5
18.Qc2f2 Nf6d7
19.Ne5xd7 Bc8xd7
20.Ra1c1 { resign }
1-0

[Event "Tourn. n9777"]
[Site "www.chess-mail.com"]
[Date "2018.05.06"]
[Round "1"]
[White "Picifarkinca"]
[Black "Awfen"]
[WhiteElo "1890"]
[BlackElo "2080"]
[Result "0-1"]
[Round "1"]
1.d4 d5
2.c4 dxc4
3.Ng1f3 e6
4.e3 Ng8f6
5.Bf1xc4 Bf8b4
6.Nb1c3 O-O
7.O-O b6
8.a3 Bb4d6
9.Qd1c2 Bc8b7
10.e4 Nf6d7
11.e5 Bd6e7
12.Nc3e4 Kh8
13.Rf1d1 f5
14.Ne4g5 Bb7e4
15.Ng5xe4 fxe4
16.Qc2xe4 c6
17.Bc4xe6 Qd8e8
{ resign }
0-1

[Event "Tourn. n9796"]
[Site "www.chess-mail.com"]
[Date "2018.05.06"]
[Round "1"]
[White "Picifarkinca"]
[Black "Welberth"]
[WhiteElo "1920"]
[BlackElo "2000"]
[Result "0-1"]
[Round "1"]
1.d4 Ng8f6
2.g3 c6
3.c4 g6
4.Bf1g2 Bf8g7
5.Nb1c3 O-O
6.Qd1b3 Rf8e8
7.e4 e5
8.d5 Nb8a6
9.Ng1e2 Na6c5
10.Qb3c2 a5
11.O-O d6
12.Bc1e3 cxd5
{ resign }
0-1

[Event "Tourn. n9777"]
[Site "www.chess-mail.com"]
[Date "2018.05.06"]
[Round "1"]
[White "Fabos12"]
[Black "Picifarkinca"]
[WhiteElo "1880"]
[BlackElo "1890"]
[Result "1-0"]
[Round "1"]
1.d4 d5
2.Ng1f3 Ng8f6
3.Bc1f4 c6
4.e3 e6
5.h3 Bf8d6
6.Nf3e5 O-O
7.Bf1d3 Qd8c7
8.Nb1d2 Nb8d7
9.Nd2f3 b6
10.c3 Nf6e4
11.Bd3xe4 dxe4
12.Ne5xd7 Bd6xf4
13.Nd7xf8 exf3
14.Nf8xe6 fxg2
15.Rh1g1 Bc8xe6
16.exf4 { resign }
1-0

[Event "Tourn. n9737"]
[Site "www.chess-mail.com"]
[Date "2018.05.06"]
[Round "1"]
[White "Azulmarino"]
[Black "Picifarkinca"]
[WhiteElo "1580"]
[BlackElo "1700"]
[Result "1-0"]
[Round "1"]
1.e4 c6
2.Bf1c4 d5
3.exd5 cxd5
4.Bc4b3 Ng8f6
5.Ng1f3 Nb8c6
6.a3 e5
7.Qd1e2 e4
8.Nb1c3 Bf8e7
9.h3 exf3
10.Qe2xf3 Nc6d4
11.Qf3g3 O-O
12.d3 Nd4xb3
13.cxb3 Qd8d6
14.Bc1f4 Qd6e6
15.Nc3e2 Nf6h5
16.Qg3f3 Nh5xf4
17.Qf3xf4 Be7f6
18.Qf4f3 Rf8e8
19.O-O Qe6xe2
20.Ra1e1 Qe2xe1
21.Rf1xe1 Re8xe1
22.Kh2 Bc8e6
23.d4 Re1e4
24.Qf3c3 Ra8c8
25.Qc3d3 Re4xd4
26.Qd3b5 b6
27.Qb5a6 Bf6e5
28.g3 Be5b8
29.Qa6b5 { resign }
1-0

[Event "Tourn. n9791"]
[Site "www.chess-mail.com"]
[Date "2018.05.06"]
[Round "1"]
[White "Osopanda"]
[Black "Picifarkinca"]
[WhiteElo "1860"]
[BlackElo "1920"]
[Result "1-0"]
[Round "1"]
1.e4 c6
2.d4 d5
3.Nb1d2 dxe4
4.Nd2xe4 Nb8d7
5.Ng1f3 Ng8f6
6.Bf1d3 Nf6xe4
7.Bd3xe4 Nd7f6
8.Be4d3 e6
9.Bc1g5 Bf8e7
10.O-O h6
11.Bg5f4 O-O
12.Rf1e1 c5
13.c3 cxd4
14.cxd4 Nf6d5
15.Bf4d2 { resign }
1-0

[Event "Tourn. n9791"]
[Site "www.chess-mail.com"]
[Date "2018.05.06"]
[Round "1"]
[White "Picifarkinca"]
[Black "Abuelo"]
[WhiteElo "1920"]
[BlackElo "2050"]
[Result "0-1"]
[Round "1"]
1.d4 d5
2.c4 Ng8f6
3.cxd5 Nf6xd5
4.e4 Nd5f6
5.Nb1c3 h6
6.Ng1f3 e6
7.a3 Nb8c6
8.Bf1b5 Bc8d7
9.O-O a6
10.Bb5d3 Bf8e7
{ resign }
0-1